Music: Songs from 1980 by Lyrics - Statistics

General Stats
  • This quiz has been taken 85 times
  • The average score is 5 of 15
Answer Stats
Lyrics Song % Correct
So bring your good times, and your laughter too, we gonna celebrate your party with you Celebration
73%
She is D delirious, she is I incredible, she is S superficial, she is C complicated, she is O oh oh DISCO
61%
Tumble out of bed and stumble to the kitchen, pour myself a cup of ambition 9 to 5
56%
Boy, you turn me inside out and round and round Upside Down
52%
Are you happy, are you satisfied, how long can you stand the heat Another One Bites the Dust
44%
Got a wife and kids in Baltimore Jack, I went out for a ride and I never went back Hungry Heart
44%
And I've got such a long way to go to make it to the border of Mexico Ride Like the Wind
39%
They got a message from the action man, I'm happy, hope you're happy too Ashes to Ashes
34%
You love her but she loves him, and he loves somebody else, you just can't win Love Stinks
26%
If you like to gamble I tell you I'm your man, you win some lose some, it's all the same to me Ace of Spades
24%
And when their eloquence escapes me their logic ties me up and rapes me De Do Do Do De Da Da Da
23%
One man on a lonely platform, one case sitting by his side, two eyes staring cold ans silent Fade to Grey
18%
From the park I hear rhythms, Marley's hot on the box Master Blaster
13%
A million lights are dancing, and there you are, a shooting star Xanadu
13%
Then I learned to play some lead guitar, I was underage in this funky bar Late in the Evening
5%
No matching quizzes found
Score Distribution
Percent of People with Each Score
Percentile by Number Answered
Your Score History
You have not taken this quiz